000 00346nam a22001337a 4500
999 _c520848
_d520848
008 221025b ||||| |||| 00| 0 eng d
100 _aRoy, Anuradha
_935477
245 _aKazi Nazrual Islam: A youthful rebellion
260 _aYojana
300 _a66(8), Aug, 2022: p.37-40
773 _aYojana
906 _aHISTORY - INDIA
942 _cAR